[Event "Paris-ch op-B 87th"]
[Site "Paris"]
[Date "2012.07.11"]
[Round "5"]
[White "Durand, Victor"]
[Black "Ledoux, Alain"]
[Result "1/2-1/2"]
[WhiteElo "2035"]
[BlackElo "1910"]
[PlyCount "78"]
[EventDate "2012.07.07"]
[EventType "swiss"]
[EventRounds "9"]
[EventCountry "FRA"]
[SourceTitle "EXT 2013"]
[Source "ChessBase"]
[SourceDate "2012.11.22"]
[SourceVersion "1"]
[SourceVersionDate "2012.11.22"]
[SourceQuality "1"]

1. e4 c5 2. Nf3 d6 3. d4 cxd4 4. Nxd4 Nf6 5. Nc3 a6 6. Be3 e6 7. f3 b5 8. Qd2 Qa5 9. g4 Bb7 10. Bd3 Nc6 11. a4 b4 12. Nce2 d5 13. Nxc6 Bxc6 14. Nd4 Bb7 15. e5 Nd7 16. f4 Bc5 17. Rf1 Qc7 18. Nf3 Rc8 19. Bxc5 Qxc5 20. f5 Qe7 21. fxe6 fxe6 22. Qe3 Nc5 23. Ng5 Nxd3+ 24. cxd3 h6 25. Nf7 Qh4+ 26. Qf2 Qxf2+ 27. Rxf2 0-0 28. Nd6 Rxf2 29. Kxf2 Rc2+ 30. Ke3 Bc6 31. b3 Rc3 32. Rb1 Bd7 33. Kd2 Bc6 34. Ke3 Kh7 35. h4 Kg8 36. Rb2 Rc1 37. Kd4 Rc3 38. Rb1 Kh7 39. Ke3 Kg8 1/2-1/2

[Event "Paris-ch op-B 87th"]
[Site "Paris"]
[Date "2012.07.08"]
[Round "2"]
[White "Ternault, Mathieu"]
[Black "Ledoux, Alain"]
[Result "1-0"]
[WhiteElo "2130"]
[BlackElo "1910"]
[PlyCount "91"]
[EventDate "2012.07.07"]
[EventType "swiss"]
[EventRounds "9"]
[EventCountry "FRA"]
[SourceTitle "EXT 2013"]
[Source "ChessBase"]
[SourceDate "2012.11.22"]
[SourceVersion "1"]
[SourceVersionDate "2012.11.22"]
[SourceQuality "1"]

1. d4 Nf6 2. c4 e6 3. Nc3 Bb4 4. Qc2 b6 5. e4 Bb7 6. Bd3 Nc6 7. Nf3 d5 8. cxd5 exd5 9. e5 Ne4 10. Bxe4 dxe4 11. Qxe4 Na5 12. Qg4 g6 13. Bg5 h5 14. Qf4 Qd7 15. 0-0 Qg4 16. Qf6 Bxf3 17. Qxf3 Qxf3 18. gxf3 Nc6 19. Nd5 Rc8 20. Rac1 Nxd4 21. Nxc7+ Kd7 22. Rfd1 Bc5 23. Nb5 Ke6 24. Nxd4+ Bxd4 25. Rxd4 Rxc1+ 26. Bxc1 Rc8 27. Bd2 Kxe5 28. Bc3 Ke6 29. Kf1 Rc5 30. Ke2 b5 31. Ke3 a6 32. Bb4 Rc2 33. Bc3 Rc1 34. a4 Rh1 35. axb5 axb5 36. h4 Rh3 37. Re4+ Kd7 38. Bf6 Rh1 39. Re7+ Kd6 40. Rxf7 Ke6 41. Rf8 Re1+ 42. Kf4 Rc1 43. Bc3 Rh1 44. Kg3 Rg1+ 45. Kh2 Rd1 46. Rf6+ 1-0

[Event "Paris-ch op-A"]
[Site "Paris"]
[Date "2010.07.08"]
[Round "6"]
[White "Ledoux, Alain"]
[Black "Blot, David"]
[Result "1-0"]
[WhiteElo "1945"]
[BlackElo "2044"]
[PlyCount "73"]
[EventDate "2010.07.03"]
[EventType "swiss"]
[EventRounds "9"]
[EventCountry "FRA"]
[SourceTitle "CBM 137 Extra"]
[Source "ChessBase"]
[SourceDate "2010.09.01"]
[SourceVersion "1"]
[SourceVersionDate "2010.09.01"]
[SourceQuality "1"]

1. e4 d6 2. f4 Nf6 3. c3 g6 4. Bc4 Bg7 5. Qe2 0-0 6. Nf3 c6 7. Bb3 a5 8. 0-0 Nbd7 9. d4 a4 10. Bc2 e5 11. f5 b5 12. Bg5 Qb6 13. Kh1 Ba6 14. fxg6 fxg6 15. b4 Rae8 16. Nbd2 Nh5 17. Be3 Nf4 18. Qe1 Qc7 19. Qh4 h6 20. Qg3 Kh7 21. Nh4 g5 22. Nf5 Nf6 23. dxe5 dxe5 24. Bc5 Rg8 25. Nf3 Bf8 26. Qf2 Ng4 27. Qg3 Bxc5 28. bxc5 Nf6 29. Rad1 Bc8 30. Rd6 Rgf8 31. Rfd1 Qa5 32. Qe1 Qc7 33. c4 Ng6 34. Qe3 Ng4 35. Nxg5+ hxg5 36. Qh3+ Nh4 37. Qxg4 1-0

[Event "Rohde op 08th"]
[Site "Sautron"]
[Date "2008.10.31"]
[Round "8"]
[White "Malaniuk, Vladimir P"]
[Black "Ledoux, Alain"]
[Result "1-0"]
[WhiteElo "2534"]
[BlackElo "2005"]
[PlyCount "81"]
[EventDate "2008.10.25"]
[EventType "swiss"]
[EventRounds "9"]
[EventCountry "FRA"]
[SourceTitle "EXT 2009"]
[Source "ChessBase"]
[SourceDate "2008.11.26"]
[SourceVersion "1"]
[SourceVersionDate "2008.11.26"]
[SourceQuality "1"]

1. d4 Nf6 2. Nf3 e6 3. c4 b6 4. Nc3 Bb4 5. Bg5 Bb7 6. Nd2 h6 7. Bh4 c5 8. a3 Bxc3 9. bxc3 0-0 10. e3 d6 11. Bd3 Nbd7 12. 0-0 Qc7 13. Re1 Rac8 14. e4 Rfe8 15. Re3 e5 16. d5 Kh8 17. Qf3 Rg8 18. Ree1 g5 19. Bg3 Rg6 20. Nf1 h5 21. h4 gxh4 22. Bxh4 Rcg8 23. Ng3 Qd8 24. Bf1 Rg4 25. Nf5 Qf8 26. Qh3 Bc8 27. f3 R4g6 28. Kf2 Nh7 29. Be7 Qe8 30. Qxh5 Ndf6 31. Qh3 R8g7 32. g4 Ng8 33. Nxg7 Qxe7 34. Nf5 Bxf5 35. exf5 Rh6 36. Qg3 Ng5 37. Bg2 Kg7 38. Rh1 Rxh1 39. Rxh1 e4 40. f4 Nf3 41. g5 1-0

[Event "Rohde op 08th"]
[Site "Sautron"]
[Date "2008.10.30"]
[Round "7"]
[White "Ledoux, Alain"]
[Black "Audoubert, Jean"]
[Result "1-0"]
[WhiteElo "2005"]
[BlackElo "1824"]
[PlyCount "55"]
[EventDate "2008.10.25"]
[EventType "swiss"]
[EventRounds "9"]
[EventCountry "FRA"]
[SourceTitle "EXT 2009"]
[Source "ChessBase"]
[SourceDate "2008.11.26"]
[SourceVersion "1"]
[SourceVersionDate "2008.11.26"]
[SourceQuality "1"]

1. e4 c5 2. Nf3 d6 3. Bc4 Nf6 4. c3 a6 5. Qe2 Nc6 6. h3 e6 7. a4 Be7 8. 0-0 0-0 9. Ba2 b6 10. Na3 Bb7 11. d3 Qc7 12. Be3 Rad8 13. Rac1 Qb8 14. Bf4 Qa8 15. Nh2 Rfe8 16. Ng4 Nd7 17. Bg3 Nde5 18. f4 Nxg4 19. Qxg4 Bf8 20. f5 e5 21. Bh4 Rb8 22. Bg5 Nd8 23. h4 d5 24. f6 g6 25. h5 Rc8 26. hxg6 fxg6 27. Qd7 Bc6 28. f7+ 1-0

[Event "Rohde op 08th"]
[Site "Sautron"]
[Date "2008.10.25"]
[Round "1"]
[White "Ledoux, Alain"]
[Black "Vocaturo, Daniele"]
[Result "0-1"]
[WhiteElo "2005"]
[BlackElo "2383"]
[PlyCount "46"]
[EventDate "2008.10.25"]
[EventType "swiss"]
[EventRounds "9"]
[EventCountry "FRA"]
[SourceTitle "EXT 2009"]
[Source "ChessBase"]
[SourceDate "2008.11.26"]
[SourceVersion "1"]
[SourceVersionDate "2008.11.26"]
[SourceQuality "1"]

1. e4 c5 2. Nf3 d6 3. Bc4 Nf6 4. c3 a6 5. Qe2 Nc6 6. 0-0 Bg4 7. h3 Bh5 8. g4 Bg6 9. d3 e6 10. Bg5 Be7 11. Nbd2 h6 12. Bf4 d5 13. Bb3 c4 14. Bc2 cxd3 15. Bxd3 h5 16. g5 Nd7 17. exd5 Bxd3 18. Qxd3 Nc5 19. Qe2 Qxd5 20. h4 Rd8 21. Nc4 Nd3 22. Bc7 Qxc4 23. Bxd8 Qg4+ 0-1

[Event "Paris-ch op-B"]
[Site "Paris"]
[Date "2002.07.11"]
[Round "6.8"]
[White "Ledoux, Alain"]
[Black "Torralba, Michel"]
[Result "1-0"]
[WhiteElo "1900"]
[BlackElo "1980"]
[PlyCount "103"]
[EventDate "2002.07.06"]
[EventType "swiss"]
[EventRounds "7"]
[EventCountry "FRA"]
[SourceTitle "EXT 2003"]
[Source "ChessBase"]
[SourceDate "2002.11.25"]
[SourceVersion "1"]
[SourceVersionDate "2002.11.25"]
[SourceQuality "1"]

1. e4 c5 2. Nc3 Nc6 3. f4 g6 4. Nf3 Bg7 5. Bc4 e6 6. 0-0 Nge7 7. Qe1 0-0 8. a3 d5 9. Ba2 Nd4 10. Bb1 b6 11. d3 Bb7 12. Qh4 f5 13. e5 Nec6 14. Qf2 a6 15. Ne2 Nxf3+ 16. Qxf3 d4 17. Qf2 Ne7 18. Ba2 Nd5 19. Bd2 Qd7 20. c3 dxc3 21. Nxc3 Rfe8 22. d4 Bf8 23. Kh1 Rad8 24. Rad1 Qc8 25. dxc5 Bxc5 26. Qg3 Qa8 27. h4 Kf7 28. Na4 Be7 29. Bxd5 Bxd5 30. Nxb6 Qb7 31. Nxd5 Rxd5 32. Bc3 Red8 33. Rxd5 Qxd5 34. Qf3 Qxf3 35. Rxf3 h5 36. g3 Rd1+ 37. Kg2 Rc1 38. Rd3 Rc2+ 39. Kf1 Ke8 40. Ke1 Bc5 41. Kd1 Rg2 42. b4 Be7 43. Bd4 Ra2 44. Kc1 Rh2 45. Bc5 Rg2 46. Kb1 Re2 47. a4 Bxc5 48. bxc5 Re4 49. c6 Rc4 50. Rd6 a5 51. Kb2 Rc5 52. Rxe6+ 1-0